000 02239nam2a2200301 4500
001 RU\NLR\BIBL_A\022248305
005 20240627142915.0
010 _a978-5-94621-672-2
010 _a978-5-907572-44-7
_bотд. кн.
_9500
021 _aRU
_bКН-П-24-025020
_9КН-П-24-2582
035 _a(NLR Aleph) 022248305
090 _a13181413
_c13181413
100 _a20240607d2023 k y0rusy50 ca
101 0 _arus
102 _aRU
105 _ay z 110yy
200 0 _aЧ. 93
_eстатьи участников международной научно-практической конференции (г. Томск, 26-28 января 2023 г.)
_fФедеральное государственное автономное образовательное учреждение высшего образования "Национальный исследовательский Томский государственный университет"
_gредакторы: канд. юрид. наук, доцент С. В. Ведяшкин [и др.]
210 _d2023
215 _a170 с.
_cтабл.
300 _aНа тит. с.: к 145-летию со дня образования Томского государственного университета, к 125-летию Юридического института Томского государственного университета
320 _aБиблиогр. в подстроч. примеч.
461 0 _1001RU\NLR\bibl\151340
_12001#$aПравовые проблемы укрепления Российской государственности$e[сборник статей]$fТом. гос. ун-т$gпод ред. д. ю. н. В. Ф. Воловича$vЧ. 93
_9850834
_cТомск
_d2000-
_fТом. гос. ун-т
_nИзд-во Том. гос. ун-та
_o[сборник статей]
_tПравовые проблемы укрепления Российской государственности
_vЧ. 93
702 1 _aВедяшкин
_bС. В.
_gСергей Викторович
_4340
942 _cBOOK
980 _aNB